Seværdigheder i Danmark - Statistics

General Stats
  • This quiz has been taken 1.059 times
  • The average score is 10 of 17
Answer Stats
Hint Svar % Correct
Statue der har det med at miste hovedet Den Lille Havfrue
93%
Museum med regnbuefarvet udsyn over Aarhus ARoS Aarhus Kunstmuseum
90%
Forlystelsespark baseret på godt sælgende legetøj Legoland
89%
Verdens ældste eksisterende forlystelsespark Dyrehavsbakken
79%
I dette slot sidder Holger Danske og venter Kronborg
70%
Tropisk zoologisk have beliggende under tre kupler Randers Regnskov
69%
Runesten der fortæller om Harald Blåtands bedrifter Den Store Jellingesten
65%
Borgruin på Bornholm Hammershus
65%
En kendt forfatters fødested i Odense H. C. Andersens Hus
65%
Stedet hvor Kattegat og Skagerrak mødes Grenen
61%
Københavnsk vartegn ofte brugt som højdeenhed i Danmark Rundetårn
59%
Bygningsværk der er blevet symbol på nederlaget til preusserne i 1864 Dybbøl Mølle
45%
Kalkstensformation på en af de danske Sydhavsøer Møns Klint
42%
Tårn med gylden fugl på toppen i Vordingborg Gåsetårnet
40%
Frilandsmuseum for købstædernes kultur og historie Den Gamle By
37%
På dette sted i Roskilde laves stadig skibe som i (meget) gamle dage Vikingeskibsmuseet
32%
9 meter høje hvide skulpturer der kigger ud over vandet Mennesket ved Havet
12%
No matching quizzes found
Score Distribution
Percent of People with Each Score
Percentile by Number Answered
Your Score History
You have not taken this quiz